000 01583cam a2200361 a 4500
999 _c531465
_d531465
001 15947679
003 NUST
005 20191017104801.0
008 091016s2010 paua b 001 0 eng
010 _a 2009040554
020 _a9781615209293 (hbk.)
020 _a1615209298 (hbk.)
020 _a9781615209309 (ebook)
020 _a1615209301 (ebook)
035 _a(OCoLC)ocn457765712
038 _aMSOHAIL
040 _aDLC
_cDLC
_dYDX
_dYDXCP
_dCDX
_dDLC
050 0 0 _aHT166
_b.H362 2010
082 0 0 _a307.1216
_222
245 0 0 _aHandbook of research on e-planning :
_bICTs for urban development and monitoring /
_c[edited by] Carlos Nunes Silva.
246 3 0 _aE-planning :
_bICTs for urban development and monitoring
260 _aHershey, PA :
_bInformation Science Reference,
_cc2010.
300 _axxv, 519 p. :
_bill. ;
_c29 cm.
504 _aIncludes bibliographical references and index.
520 _a"This book provides relevant theoretical perspectives on the use of ICT in Urban Planning as well as an updated account of the most recent developments in the practice of e-planning in different regions of the world"--Provided by publisher.
650 0 _aCity planning
_xInformation technology.
_924193
650 0 _aCity planning
_xGeographic information systems.
_924194
650 0 _aCity planning
_xCitizen participation.
_924195
700 1 _aSilva, Carlos Nunes.
_924196
906 _a7
_bcbc
_corignew
_d1
_eecip
_f20
_gy-gencatlg
942 _2ddc
_cBK